000 02259cam a22005534i 4500
003 PE-LiUPU
005 20250731184524.0
008 150616s1981 pe a rb 000 0 spa d
020 _a8449916100
020 _a9788449916106
035 _a(Sirsi) i9788449916106
040 _aPE-LiUPU
_bspa
_cPE-LiUPU
_dPE-LiUPU
_erda
049 _aPRUA
082 0 4 _a985
_bM39
_221
100 1 _aTord Nicolini, Javier,
_eautor.
245 1 0 _aEconomía en el Perú colonial (Movimiento Social).
_n5 /
_cJavier Tord Nicolini.
264 1 _aLima :
_bEditorial Juan Mejía Baca,
_c1981.
300 _a505 páginas :
_bilustraciones ;
_c21 centímetros
336 _atext
_2rdacontent
337 _aunmediated
_2rdamedia
338 _avolume
_2rdacarrier
500 _aOtra edición 1980.
504 _aIncluye bibliografía.
505 0 _aEconomía y sociedad en el Perú colonial -- La vida cotidiana -- Las respuestas populares autónomas -- La literatura en el virreinato -- La religión indígena en la colonia.
526 _aP136
526 _aP135
526 _aP134
526 _aP133
526 _aP144
526 _aP143
526 _aP87
526 _aP35
526 _aP20
526 _aP14
526 _aP10
526 _aP06
651 _aPerú
_xHistoria
_xAspectos económicos
_yEpoca colonial.
700 1 _aLazo García, Carlos.
910 _ajck
_bjvq
_cjck
942 _2ddc
_cBOOK
949 _a985 M39 5
_wDEWEY
_c1
_i20621
_d2016-5-15
_e2016-5-15
_lCCODEBUL1
_mBUL
_n1
_r0
_sY
_tBOOK
_u2015-4-23
_xEDUCACION
_PP20
_0COMPRA
_o.STAFF. Colección General
949 _a985 M39 5
_wDEWEY
_c2
_i19074
_lDISCARD
_mBUL
_r0
_sY
_tBOOK
_u2015-6-16
_xEDUCACION
_PP20
_0COMPRA
_o.STAFF. Colección Ciencias Humanas y Educación
994 _aC0
_bPEPRU
596 _a1
999 _a985 M39 5
_wDEWEY
_c19453
_i20621
_d19453
_e2016-5-15
_f2021-11-8
_g5
_lCCODEBUL1
_mBUL
_n1
_p15.00
_r0
_sY
_tBOOK
_u2015-4-23
_xBIBLIOTECA
_PP20
_0COMPRA
_o.STAFF. Colección Ciencias Humanas y Educación
999 _a985 M39 5
_wDEWEY
_c2
_i19074
_lCCODEBUL1
_mBUL
_r0
_sY
_tBOOK
_u2015-6-16
_xEDUCACION
_PP20
_0COMPRA
_o.STAFF. Colección General
980 _81
_gALBERTO SANCHEZ Responsable de Automatización